[Event "67th Warsaw-ch B 2018"]
[Site "Warsaw"]
[Date "2018.11.17"]
[Round "6"]
[White "Wiktorowski, Janusz"]
[Black "Urbaniak, Karol"]
[Result "1-0"]
[WhiteElo "1447"]
[BlackElo "1661"]
[Annotator "NA"]
[PlyCount "105"]
[EventDate "2018.11.12"]
[EventCountry "POL"]
[SourceTitle "playchess.com"]
[Source "ChessBase"]
[SourceQuality "1"]

1. e4 e5 2. Nf3 Nc6 3. Bc4 Nf6 4. O-O Be7 5. Nc3 d6 6. h3 Be6 7. Bb5 O-O 8. d4 Nxd4 9. Nxd4 exd4 10. Qxd4 c5 11. Qd1 c4 12. b3 Rc8 13. Qf3 Nd7 14. Bb2 f5 15. Bxd7 Qxd7 16. Nd5 Bxd5 17. exd5 Bf6 18. Bxf6 Rxf6 19. c3 a5 20. Rfe1 a4 21. bxa4 Qxa4 22. Re3 Re8 23. Rae1 Rxe3 24. Rxe3 Qb5 25. Re7 Kf8 26. Re2 Qb1+ 27. Kh2 Qd3 28. Qxd3 cxd3 29. Rd2 Ke7 30. Rxd3 Rf8 31. c4 Rc8 32. Rc3 b5 33. Re3+ Kd7 34. cxb5 Rc5 35. a4 Rxd5 36. Rc3 Rd2 37. b6 Rb2 38. a5 Rb5 39. Ra3 Kc8 40. a6 Kb8 41. b7 Ka7 42. Kg3 Rb4 43. f4 h6 44. Kf3 Rb2 45. g4 fxg4+ 46. hxg4 Rh2 47. Ke4 Rg2 48. Rb3 Re2+ 49. Kd5 Re8 50. b8=Q+ Rxb8 51. Rxb8 Kxb8 52. Kxd6 g6 53. f5 1-0

[Event "67th Warsaw-ch B 2018"]
[Site "Warsaw"]
[Date "2018.11.18"]
[Round "7"]
[White "Skladzien, Romuald"]
[Black "Wiktorowski, Janusz"]
[Result "1-0"]
[WhiteElo "1780"]
[BlackElo "1447"]
[Annotator "NA"]
[PlyCount "93"]
[EventDate "2018.11.12"]
[EventCountry "POL"]
[SourceTitle "playchess.com"]
[Source "ChessBase"]
[SourceQuality "1"]

1. d4 d5 2. c4 dxc4 3. Nc3 e6 4. e4 c5 5. Nf3 cxd4 6. Nxd4 e5 7. Nf3 Qxd1+ 8. Nxd1 Bb4+ 9. Bd2 Bxd2+ 10. Nxd2 Nf6 11. Bxc4 O-O 12. Nc3 Bd7 13. Nd5 Nc6 14. Nxf6+ gxf6 15. O-O Nd4 16. Nb3 Be6 17. Bxe6 fxe6 18. Rfd1 Rfd8 19. Kf1 Nxb3 20. axb3 Rd4 21. f3 a6 22. Ke2 Rad8 23. g3 Kf7 24. Rac1 Kg6 25. h4 Kh5 26. Rxd4 exd4 27. Rc7 h6 28. Kd3 e5 29. Rxb7 Rg8 30. g4+ Kxh4 31. Rb6 Kg3 32. Rxf6 Rb8 33. Rxh6 Rxb3+ 34. Kc2 Rxf3 35. Rh5 Kf4 36. Rf5+ Kxg4 37. Rxe5 Kf4 38. Rf5+ Kxe4 39. Rxf3 Kxf3 40. Kd3 Kf4 41. Kxd4 Kf5 42. b4 Ke6 43. Kc5 Kd7 44. Kb6 Kc8 45. Kxa6 Kc7 46. b5 Kb8 47. Kb6 1-0

[Event "67th Warsaw-ch B 2018"]
[Site "Warsaw"]
[Date "2018.11.18"]
[Round "7"]
[White "Fraczek, Lukasz"]
[Black "Krowicki, Przemyslaw"]
[Result "1-0"]
[WhiteElo "1584"]
[BlackElo "1122"]
[Annotator "NA"]
[PlyCount "111"]
[EventDate "2018.11.12"]
[EventCountry "POL"]
[SourceTitle "playchess.com"]
[Source "ChessBase"]
[SourceQuality "1"]

1. e4 c5 2. Nf3 Nc6 3. d4 cxd4 4. Nxd4 Qb6 5. Nxc6 Qxc6 6. Nc3 a6 7. Be2 g6 8. O-O Bg7 9. Qd3 e6 10. Be3 Ne7 11. Kh1 O-O 12. f4 f5 13. e5 Qc7 14. Bf3 Rb8 15. Rfd1 Nc6 16. a3 Rd8 17. Bc5 Bf8 18. Qe3 b6 19. Bd6 Bxd6 20. Rxd6 Na5 21. b3 b5 22. Rad1 Bb7 23. Bxb7 Rxb7 24. Rxa6 Rc8 25. Rd3 Nc6 26. Qc5 Nb8 27. Qxc7 Rbxc7 28. Rb6 Rxc3 29. Rxc3 Rxc3 30. Rxb8+ Kf7 31. Rxb5 Rxc2 32. h4 Ke7 33. a4 Kd8 34. Rb8+ Kc7 35. Rh8 Rb2 36. Rxh7 Rxb3 37. Rg7 Rb4 38. g3 Rxa4 39. Rxg6 Ra8 40. Kg2 Re8 41. Kf3 d5 42. exd6+ Kxd6 43. g4 fxg4+ 44. Kxg4 Kd5 45. h5 Rh8 46. Rg7 e5 47. Rg5 Ke6 48. Rxe5+ Kf6 49. Rg5 Ra8 50. Rg6+ Kf7 51. Kg5 Rb8 52. h6 Rb1 53. Rg7+ Kf8 54. Rc7 Rb8 55. h7 Rb5+ 56. Kg4 1-0

[Event "67th Warsaw-ch B 2018"]
[Site "Warsaw"]
[Date "2018.11.18"]
[Round "7"]
[White "Sloniewska, Alicja"]
[Black "Kwiecinski, Rafal"]
[Result "1-0"]
[WhiteElo "1498"]
[BlackElo "1529"]
[Annotator "NA"]
[PlyCount "177"]
[EventDate "2018.11.12"]
[EventCountry "POL"]
[SourceTitle "playchess.com"]
[Source "ChessBase"]
[SourceQuality "1"]

1. d4 f5 2. c4 Nf6 3. Nc3 c6 4. Bf4 d6 5. e3 e6 6. Bd3 Be7 7. Nf3 Na6 8. a3 O-O 9. O-O Nc7 10. h3 Nh5 11. Bh2 g6 12. b4 b6 13. Qe2 Bb7 14. Na4 b5 15. Nc3 bxc4 16. Bxc4 Bf6 17. Rac1 Kh8 18. Rfd1 Qe7 19. Nb1 a6 20. Nbd2 d5 21. Bd3 Nb5 22. Bxb5 axb5 23. Ra1 Ra6 24. Nb3 Ba8 25. Ne5 Bg7 26. Rdc1 f4 27. Nd3 f3 28. Qf1 fxg2 29. Qxg2 Rf5 30. Bg3 Qg5 31. Ne5 Nxg3 32. Qxg3 Qe7 33. Nf3 Bf6 34. Nc5 Rb6 35. Nd3 Bg7 36. Nde1 Qe8 37. Nh4 Rh5 38. Neg2 Bf6 39. Nf3 g5 40. Nh2 Rb7 41. Ng4 Bg7 42. Ne1 Rf7 43. Nf3 Qf8 44. Nfe5 Rf5 45. Kg2 Bxe5 46. Nxe5 Rh6 47. Ng4 Rg6 48. Ne5 Rgf6 49. Rc2 h5 50. Raa2 Qg7 51. Nxc6 Bxc6 52. Rxc6 h4 53. Qb8+ Rf8 54. Qc7 R8f7 55. Qc8+ Kh7 56. Qxe6 g4 57. Qd6 gxh3+ 58. Kxh3 Rf3+ 59. Kxh4 R7f6 60. Qc7 Rf7 61. Qe5 R3f6 62. Qh5+ Rh6 63. Qxh6+ Qxh6+ 64. Rxh6+ Kxh6 65. Kg4 Kg6 66. Rc2 Kg7 67. f3 Re7 68. Rc3 Kf6 69. Kf4 Ke6 70. e4 Rf7+ 71. Ke3 dxe4 72. Kxe4 Rh7 73. f4 Rh1 74. Rc6+ Kd7 75. Kd5 Rh5+ 76. f5 Rxf5+ 77. Ke4 Kxc6 78. Kxf5 Kd5 79. Kf6 Kxd4 80. Ke6 Kc4 81. Kd6 Kb3 82. Kc5 Ka4 83. Kb6 Kxa3 84. Kxb5 Kb3 85. Kc5 Ka4 86. b5 Ka5 87. Kc6 Kb4 88. b6 Ka5 89. b7 1-0

[Event "67th Warsaw-ch B 2018"]
[Site "Warsaw"]
[Date "2018.11.18"]
[Round "8"]
[White "Kwiek, Janusz"]
[Black "Kwiecinski, Rafal"]
[Result "0-1"]
[WhiteElo "1580"]
[BlackElo "1529"]
[Annotator "NA RC"]
[PlyCount "100"]
[EventDate "2018.11.12"]
[EventCountry "POL"]
[SourceTitle "playchess.com"]
[Source "ChessBase"]
[SourceQuality "1"]

1. Nf3 c5 2. c4 Nc6 3. Nc3 e5 4. e4 d6 5. Be2 Nf6 6. d3 h6 7. O-O Be7 8. Nd5 Nxd5 9. cxd5 Nb8 10. b4 cxb4 11. Qa4+ Nd7 12. Qxb4 a5 13. Qc3 Nc5 14. Be3 b6 15. Rab1 Ba6 16. Nd2 Rc8 17. Qa3 O-O 18. Rfc1 b5 19. Bxc5 dxc5 20. Qb2 Bg5 21. Rc2 Qd6 22. Nf3 Bf6 23. Rbc1 b4 24. Nd2 Bg5 25. Rd1 Bb5 26. g3 f5 27. h4 Bf6 28. Nc4 Qa6 29. Rdc1 f4 30. Bg4 Rcd8 31. Be6+ Kh7 32. Kg2 f3+ 33. Kh3 Rde8 34. g4 Rxe6 35. dxe6 Qxe6 36. Rg1 h5 37. Qc1 hxg4+ 38. Rxg4 Bd7 39. Ne3 g6 40. Qg1 Qd6 41. Nd5 Bg7 42. Kh2 Bxg4 43. Qxg4 Bh6 44. Qg1 Rf7 45. Qd1 Qd8 46. Kh3 Qd7+ 47. Kg3 Bf4+ 48. Nxf4 Rxf4 49. Qh1 Qg4+ 50. Kh2 Qxh4+ 0-1

[Event "67th Warsaw-ch B 2018"]
[Site "Warsaw"]
[Date "2018.11.18"]
[Round "8"]
[White "Sloniewska, Alicja"]
[Black "Skladzien, Romuald"]
[Result "1-0"]
[WhiteElo "1498"]
[BlackElo "1780"]
[Annotator "NA RC"]
[PlyCount "109"]
[EventDate "2018.11.12"]
[EventCountry "POL"]
[SourceTitle "playchess.com"]
[Source "ChessBase"]
[SourceQuality "1"]

1. d4 d5 2. c4 e6 3. Nc3 Nf6 4. cxd5 exd5 5. Bg5 Be7 6. e3 c6 7. Bd3 Bg4 8. Qc2 Nbd7 9. Nge2 h6 10. Bh4 Nf8 11. O-O Bxe2 12. Qxe2 Ne4 13. Bxe4 Bxh4 14. Bd3 Ne6 15. b4 O-O 16. Na4 Bf6 17. Rab1 Re8 18. Qc2 Qd7 19. b5 Rec8 20. bxc6 Qxc6 21. Qb3 b6 22. Bb5 Qd6 23. Nc3 Nc7 24. Be2 Rd8 25. Bf3 Be7 26. Rfc1 g6 27. Rc2 Qa3 28. Nxd5 Nxd5 29. Bxd5 Qxb3 30. Bxb3 Rac8 31. Rbc1 Rxc2 32. Rxc2 Bd6 33. Rc6 Kf8 34. h3 Ke7 35. Kf1 Rd7 36. Ke2 Rc7 37. Rxc7+ Bxc7 38. Bc4 f6 39. Kd3 Kd6 40. Bb5 Ke7 41. e4 a5 42. Ke3 Bd6 43. f4 Ba3 44. e5 Bc1+ 45. Kf3 f5 46. d5 Bd2 47. g4 Bb4 48. gxf5 gxf5 49. Bd3 a4 50. Bxf5 Bc5 51. Bd3 Bb4 52. Ke4 Bc3 53. d6+ Ke6 54. f5+ Kd7 55. Bb5+ 1-0

[Event "67th Warsaw-ch B 2018"]
[Site "Warsaw"]
[Date "2018.11.18"]
[Round "8"]
[White "Muck, Piotr"]
[Black "Fraczek, Lukasz"]
[Result "1/2-1/2"]
[WhiteElo "1457"]
[BlackElo "1584"]
[Annotator "NA RC"]
[PlyCount "87"]
[EventDate "2018.11.12"]
[EventCountry "POL"]
[SourceTitle "playchess.com"]
[Source "ChessBase"]
[SourceQuality "1"]

1. d4 Nf6 2. Nf3 g6 3. c4 Bg7 4. Nc3 O-O 5. e4 d6 6. Be2 Nbd7 7. O-O c5 8. h3 cxd4 9. Nxd4 Nc5 10. Bf3 Ne6 11. Be3 a6 12. Qd2 Qc7 13. b3 Bd7 14. Rfd1 Nxd4 15. Bxd4 Rac8 16. Rac1 Qa5 17. Nd5 Qxd2 18. Nxe7+ Kh8 19. Rxd2 Rce8 20. Nd5 Nxe4 21. Bxg7+ Kxg7 22. Bxe4 Rxe4 23. Rcd1 Rfe8 24. Ne3 Bc6 25. Rxd6 R4e5 26. Rd8 R8e7 27. Rb8 R5e6 28. Rdd8 h5 29. g4 hxg4 30. hxg4 Re5 31. Kh2 Kf6 32. Kg3 Rxe3+ 33. fxe3 Rxe3+ 34. Kf2 Rf3+ 35. Ke2 Rf4 36. Rd6+ Ke5 37. c5 Rxg4 38. Rc8 Rg2+ 39. Ke3 Rxa2 40. Rc7 Rb2 41. Re7+ Kf5 42. Rxf7+ Ke5 43. Re7+ Kf5 44. Rf7+ 1/2-1/2

[Event "67th Warsaw-ch B 2018"]
[Site "Warsaw"]
[Date "2018.11.19"]
[Round "9"]
[White "Skladzien, Romuald"]
[Black "Krowicki, Przemyslaw"]
[Result "1-0"]
[WhiteElo "1780"]
[BlackElo "1122"]
[Annotator "NA RC"]
[PlyCount "113"]
[EventDate "2018.11.12"]
[EventCountry "POL"]
[SourceTitle "playchess.com"]
[Source "ChessBase"]
[SourceQuality "1"]

1. d4 f5 2. g3 g6 3. Bg2 Bg7 4. c4 c6 5. Nc3 Nf6 6. Nf3 O-O 7. O-O d5 8. Ne5 Nbd7 9. cxd5 Nxe5 10. dxe5 Nxd5 11. Nxd5 cxd5 12. Qxd5+ Qxd5 13. Bxd5+ e6 14. Bg2 Bxe5 15. Rb1 Rb8 16. Be3 a6 17. Ba7 Ra8 18. Bb6 Bb8 19. Rfd1 e5 20. Bd5+ Kg7 21. Rbc1 f4 22. Rxc8 Bd6 23. Rxa8 Rxa8 24. Bxb7 Rb8 25. Rxd6 Rxb7 26. a4 a5 27. Rc6 Kh6 28. gxf4 exf4 29. Bxa5 Rxb2 30. Bc7 Kg5 31. Kf1 Rb1+ 32. Kg2 Kg4 33. f3+ Kf5 34. Rc5+ Kf6 35. Bxf4 Rb4 36. Bg5+ Ke6 37. a5 Ra4 38. Bd8 h6 39. Bb6 h5 40. Rc6+ Kf5 41. Bc7 Ra2 42. Kf2 g5 43. a6 g4 44. Bb8 gxf3 45. Kxf3 h4 46. a7 Ra3+ 47. e3 h3 48. Rh6 Kg5 49. Rxh3 Kf5 50. Rg3 Kf6 51. h4 Kf7 52. h5 Kf8 53. h6 Kf7 54. h7 Rxe3+ 55. Kxe3 Ke7 56. h8=Q Kd7 57. Rg6 1-0

[Event "67th Warsaw-ch B 2018"]
[Site "Warsaw"]
[Date "2018.11.19"]
[Round "9"]
[White "Socko, Weronika"]
[Black "Sloniewska, Alicja"]
[Result "1-0"]
[WhiteElo "1570"]
[BlackElo "1498"]
[Annotator "NA RC"]
[PlyCount "85"]
[EventDate "2018.11.12"]
[EventCountry "POL"]
[SourceTitle "playchess.com"]
[Source "ChessBase"]
[SourceQuality "1"]

1. d4 d5 2. c4 dxc4 3. Nc3 a6 4. e4 Nc6 5. d5 Ne5 6. Bf4 Nd3+ 7. Bxd3 cxd3 8. Qxd3 e6 9. Qg3 c6 10. dxc6 bxc6 11. Bc7 Qf6 12. Rd1 Be7 13. Be5 Qg6 14. Bxg7 f6 15. Qxg6+ hxg6 16. Bxh8 e5 17. Nge2 Rb8 18. b3 a5 19. O-O Ba6 20. Rc1 Ba3 21. Rc2 Bd3 22. Rd2 Ba6 23. Rfd1 Bb4 24. Rd7 Bc8 25. Rd8+ Kf7 26. Na4 Be7 27. R8d2 Bb4 28. Rc2 Ne7 29. Rd8 Rb7 30. Nc5 Ra7 31. Nd3 Ba3 32. Nb2 Bb4 33. Nc4 Be6 34. Nd6+ Bxd6 35. Rxd6 Ra8 36. Bg7 Rg8 37. Rc5 Rxg7 38. Rxa5 Rg8 39. Ra7 Rc8 40. f4 Bg4 41. fxe5 Bxe2 42. Rxf6+ Ke8 43. Re6 1-0

[Event "67th Warsaw-ch B 2018"]
[Site "Warsaw"]
[Date "2018.11.19"]
[Round "9"]
[White "Kwiecinski, Rafal"]
[Black "Jaroszuk, Marcin"]
[Result "1-0"]
[WhiteElo "1529"]
[BlackElo "1341"]
[Annotator "NA RC"]
[PlyCount "87"]
[EventDate "2018.11.12"]
[EventCountry "POL"]
[SourceTitle "playchess.com"]
[Source "ChessBase"]
[SourceQuality "1"]

1. e4 e5 2. Bc4 Nc6 3. c3 Nf6 4. d3 d6 5. h3 Be7 6. Nf3 O-O 7. Qe2 Nd7 8. a3 Re8 9. Nbd2 Bf6 10. Nf1 Nc5 11. Be3 Ne6 12. g3 Nf8 13. h4 Be6 14. N1h2 d5 15. Bb5 a6 16. Ba4 b5 17. Bc2 d4 18. Bd2 Bc8 19. g4 Ne6 20. g5 Be7 21. Rg1 Nf4 22. Bxf4 exf4 23. h5 Qd6 24. g6 fxg6 25. hxg6 h6 26. Ng4 Bf6 27. Bb3+ Be6 28. Nxf6+ gxf6 29. Bxe6+ Rxe6 30. Nh4 Ne7 31. g7 f5 32. f3 Rd8 33. Rc1 c5 34. c4 bxc4 35. Rxc4 Rb8 36. Qc2 fxe4 37. fxe4 f3 38. Nxf3 Nf5 39. Rxc5 Ne3 40. Rc8+ Re8 41. Rxe8+ Rxe8 42. Qb3+ Nd5 43. Kf2 Qe6 44. Qxd5 1-0